LIBRARY & INFORMATION CENTRE, KCAET, TAVANUR

ONLINE PUBLIC ACCESS CATALOGUE (OPAC)

Daivathekkal njan pedikkunnathu / (Record no. 4898)

MARC details
000 -LEADER
fixed length control field 00431cam a2200169ua 4500
041 ## - LANGUAGE CODE
Language code of text/sound track or separate title mal
082 ## - DEWEY DECIMAL CLASSIFICATION NUMBER
Classification number 894.812301
Item number VAR/DA
100 ## - MAIN ENTRY--AUTHOR NAME
Personal name Varkey, Ponkunnam.
245 ## - TITLE STATEMENT
Title Daivathekkal njan pedikkunnathu /
260 ## - PUBLICATION, DISTRIBUTION, ETC. (IMPRINT)
Place of publication Konni :
Name of publisher Venus Press & Book Depot, ,
Year of publication 1961.
300 ## - PHYSICAL DESCRIPTION
Number of Pages 163 ; .
942 ## - ADDED ENTRY ELEMENTS (KOHA)
Koha item type Books
Holdings
Withdrawn status Lost status Damaged status Home library Current library Date acquired Full call number Accession Number Koha item type
Withdrawn     KAUAET Central Prison Tavanur 07/04/2012 894.812301 946 Books
free website counter